Rekordot döntöttek a résztvevők a kamocsai 9. Nemzetközi Gasztronómiai Fesztiválon 204 csapat 2600 versenyzője mutatta be tudományát

Bibliographic Details
Main Author: Száz, Ildikó, 1970- (Author)
Format: Article
Language:Hungarian
PhysicalDescription:Fotogr.
ISSN:1335-7050
Subjects:

MARC

LEADER 00000nab a2200000 ar4500
001 vtls010122183
003 SK-MaSNL
005 20260319070733.0
008 100810c20100809xo |||||||| 000 b|hun
015 |a SNBRB2010/08  |2 snkbucl 
038 |a SNKBUCL 
040 |a DSZK  |b slo  |c DSZK  |e AACR2 
041 0 |a hun 
044 |a xo  |c SK 
080 |a 641.5:06.063  |2 2001 
100 1 |a Száz, Ildikó,  |d 1970-  |4 aut  |9 103403 
245 1 0 |a Rekordot döntöttek a résztvevők  |b a kamocsai 9. Nemzetközi Gasztronómiai Fesztiválon 204 csapat 2600 versenyzője mutatta be tudományát  |c Száz Ildikó 
300 |b Fotogr. 
500 |a Informácie o festivale aj v Új szó. – Évf. 63, sz. 181 (7.8.2010), o. 5 
611 2 7 |a Oáza International Gastrofestival  |n (9. :  |d 2010 :  |c Komoča, Slovensko)  |2 snkbucl  |9 1084891 
648 7 |a 2010  |2 snkbucl  |9 324355 
650 0 7 |a gastronomické súťaže  |2 snkbucl  |9 1064019 
651 7 |a Komoča (Slovensko)  |2 SNKPHgeo  |9 108123 
773 0 |t Új szó  |g Évf. 63, sz. 182 (9.8.2010), o. 3  |x 1335-7050 
852 |a SNK  |b KIS3GCP 
852 |a DSZK  |b KIS3GCP 
958 |a HU 
958 |a SK 
999 |c 1785083  |d 1787013